000 00552nam a22001217a 4500
008 110623t xxu||||| |||| 00| 0 eng d
010 _aHCMA F-102
245 _aHigh Court Misc Appl No. 1320 of 1999. Kiboko Enterprises Ltd vs Begumisa Financial Service Ltd
260 _c1999
500 _aArising fron Civil Suit No.804 of in H.C.C.S of 1995
999 _c3770
_d3770